Mammal or Fish - Statistics

General Stats
  • This quiz has been taken 100 times
    84 since last reset
  • The average score is 9 of 10
Answer Stats
Question Answer % Correct
Shark Fish
100%
Whale Mammal
100%
Manatee Mammal
100%
Mudskipper Fish
92%
Stingray Fish
92%
Blue Ram Fish
83%
Seal Mammal
83%
Dugong Mammal
83%
Sea Lion Mammal
83%
Orca Mammal
75%
No matching quizzes found
Score Distribution
Percent of People with Each Score
Percentile by Number Answered
Your Score History
You have not taken this quiz since the last reset